Subdistricts of the U.S. Virgin Islands on a Map - Statistics

General Stats
  • This quiz has been taken 46 times
  • The average score is 15 of 20
Answers on the Map
Answers color-coded by a green-red scale on the quiz's map according to % correct below.
 
Answer Stats
Subdistrict % Correct
Charlotte Amalie
100%
Christiansted
83%
Cruz Bay
83%
East End
83%
East End
83%
East End
83%
Anna's Hope Village
75%
Central
75%
Coral Bay
75%
Frederiksted
75%
Northwest
75%
Southwest
75%
Tutu
75%
West End
75%
Northcentral
67%
Northside
67%
Sion Farm
67%
Southcentral
67%
Southside
67%
Water Island
67%
No matching quizzes found
Score Distribution
Percent of People with Each Score
Percentile by Number Answered
Your Score History
You have not taken this quiz